000 01165cam a22002531i 4500
003 SA-RiAUC
005 20250206082559.0
008 250204s2000 ||| g 000 0 ara c
040 _aSA-JeALM
_bara
_cSA-RiAUC
_erda
082 0 4 _a259.7
090 _a259.7
_b م ؤ ي
100 1 _aالمؤيدي، عبد الرحمن بن حسين شايم،
_d1937-
_eمؤلف.
245 1 2 _aالفتاوى :
_bتتضمن مسائل مهمة يحتاجها الطالب والمستفتي ولا يستغني عنها العالم المفتي /
_cعبد الرحمن بن حسين شايم المؤيدي ؛ أعده وقدم له عبد الله بن حمود العزي.
250 _aالطبعة الأولى.
264 1 _aعمان - الاردن :
_bمؤسسة الإمام زيد بن علي،
_c2002
300 _a322 صفحة
_c24 سم.
336 _aنص
_btxt
_2rdacontent
_3كتاب
337 _aبدون وسيط
_bn
_2rdamedia
338 _aمجلد
_bnc
_2rdacarrier
650 7 _aفقه الزيدية
_2aucsh
700 1 _aالعزي، عبد الله بن حمود درهم
_eمعد.
942 _2ddc
_cBOOK
_n0
949 _aSA-JeALM
_d250204
_uosman123
_n1
999 _c5677
_d5677